书目信息 |
| 题名: |
电工仪器仪表检定与修理 上
|
|
| 作者: | 本书组编 | |
| 分册: | ||
| 出版信息: | 北京 国防工业出版社 1978.08 |
|
| 页数: | 859页 | |
| 开本: | 19cm | |
| 丛书名: | ||
| 单 册: | ||
| 中图分类: | TM507 | |
| 科图分类: | ||
| 主题词: | 电器 | |
| 电子资源: | ||
| ISBN: | ||
| 000 | 00536nam0 2200181 450 | |
| 001 | 0836326542 | |
| 005 | 20081029100810.24 | |
| 010 | @dCNY2.55 | |
| 100 | @a20081029d1978 km y0chiy0120 ea | |
| 101 | 0 | @achi |
| 102 | @aCN@b110000 | |
| 200 | 1 | @a电工仪器仪表检定与修理 上@Adian gong yi qi yi biao jian ding yu xiu li shang@f本书组编@Fben shu zu bian |
| 210 | @a北京@c国防工业出版社@d1978.08 | |
| 215 | @a859页@d19cm | |
| 606 | 0 | @a电器 |
| 690 | @aTM507@v4 | |
| 801 | 0 | @aCN@b大连网信软件有限公司图书馆·11@c20081029 |
| 905 | @aBZT@dTM507@e1-1 | |
| 电工仪器仪表检定与修理 上/本书组编.-北京:国防工业出版社,1978.08 |
| 859页;19cm |
| ISBN :CNY2.55 |
| ● |
| 相关链接 |
|
|
|
正题名:电工仪器仪表检定与修理 上
索取号:TM507/1-1
 
预约/预借
| 序号 | 登录号 | 条形码 | 馆藏地/架位号 | 状态 | 备注 |
| 1 | 053542 | 201215880 | 中心书库中库/ 中库029架B面9列2层18/ [索取号:TM507/1-1] | 在馆 |